| 000 | 00447ntaaa2200181 4500 | ||
|---|---|---|---|
| 003 | 01 | ||
| 005 | 20251027201346.0 | ||
| 008 | 0714s1973 ag 01 | ||
| 040 |
_aAR-BaBN _bspa _cAR-BaBN _eaacr _dRIC |
||
| 082 | _a225.0000 B23 | ||
| 100 | _aBarclay, William | ||
| 245 | _aNew Testament Wordbook | ||
| 250 |
_a1 ed. : _bSCM Press, _c1959 |
||
| 300 | _a128 p. | ||
| 650 | _aBiblia-Nuevo Testamento | ||
| 650 |
_aTeología Bíblica _9313 |
||
| 942 | _cBK | ||
| 999 |
_c8105 _d8105 |
||